| 000 | 00404nam a2200145Ia 4500 | ||
|---|---|---|---|
| 008 | 220204s9999 xx 000 0 und d | ||
| 020 | _a0122577450 | ||
| 082 |
_a678.01:541.18 _bFIT |
||
| 100 | _aFitch, Robert M | ||
| 245 | 0 | _aPolymer colloids: A comprehensive introduction | |
| 260 |
_aSan Diego _bAcademic Press _c1997 |
||
| 650 | _aEmulsion polymerization | ||
| 650 | _aLatex stability | ||
| 942 | _cBK | ||
| 999 |
_c42626 _d42626 |
||